| 000 | 00841nam a2200253Ia 4500 | ||
|---|---|---|---|
| 003 | OSt | ||
| 005 | 20220926011158.0 | ||
| 006 | a|||||r|||| 00| 0 | ||
| 007 | ta | ||
| 008 | 220923b |||||||| |||| 00| 0 eng d | ||
| 037 | _cGeneral Book | ||
| 040 |
_aRTL _cRTL _beng |
||
| 041 |
_2eng _aeng |
||
| 082 | _aX:89A:(B2893), N5 | ||
| 100 |
_aRender Barry _9126161 |
||
| 245 | 0 |
_aPrinciples of operation management _b Building and managing world class operations |
|
| 260 |
_aNew Jersey _bPrentice-Hall _c1995 |
||
| 300 |
_axvi, 624p. Appendix p.581-607; Glossary p.608-15 _ccm. |
||
| 490 | _aQuantitative Methods and Applied Statistics | ||
| 650 | _aProduction Management | ||
| 700 |
_a Heizer Jay _9307849 |
||
| 942 |
_hX:89A:(B2893), N5 _cGB _2CC |
||
| 999 |
_c619293 _d619293 |
||